| 000 | 00387nam a2200133Ia 4500 | ||
|---|---|---|---|
| 008 | 230523s9999 xx 000 0 und d | ||
| 100 | _aLaGrone, Benjamin | ||
| 245 | 0 | _aWeb Design Blueprints : Build Websites and Applications Using the Latest Techniques in Modern Web Development | |
| 260 | _aBirmingham | ||
| 260 | _bPacket Publishing | ||
| 260 | _c2016 | ||
| 300 | _a270 | ||
| 942 | _cRB | ||
| 999 |
_c2056 _d2056 |
||